• 首页
  • 本馆介绍
  • 公告通知
  • 最新文献
  • 馆藏检索
  • 电子资源
  • 读者导购
  • 参考咨询
  • 我的图书馆
  • 登录
  • 详细信息显示
  • 放入我的书架
  • 预约/预借图书
  • 作者相关作品
  • 分类相关作品
  • 丛书相关作品
  • 出版社相关作品

书目信息

  • 表格格式
  • 工作单格式
  • 卡片格式
题名:
多音字辨析
    
 
作者: 李华灿 编写
分册:  
出版信息: 济南   山东教育出版社  1982
页数: 309页
开本: 19cm
丛书名:
单 册:
中图分类: H124.1 , H11
科图分类:
主题词: 汉字-多音字--分析 , 多音字-汉字--分析 , 汉语--语音 , 汉语--音韵学
电子资源:
ISBN:
000 00670nam0 2200265 45
001 1559122329
005 20150128074548.51
010    @dCNY0.78
091    @aCN@b9275.2
100    @a19950427d1982 emky0chiy0121 ea
101 0  @achi
102    @aCN@b370000
105    @ay z 000yy
200 10 @a多音字辨析@Aduo yin zi bian xi@f李华灿编写
210    @a济南@c山东教育出版社@d1982
215    @a309页@d19cm
606    @a汉字-多音字@x分析
606    @a多音字-汉字@x分析
606 0  @a汉语@x语音
606 0  @a汉语@x音韵学
690    @aH124.1@v3
690    @aH11@v4
701  0 @a李华灿@Ali hua can@4编写
801  0 @aCN@bTSSF@c20150128
905    @aZUCC@dH11@eJY2
    
    多音字辨析/李华灿编写.-济南:山东教育出版社,1982
    309页;19cm
    
    
    ISBN :CNY0.78
    
●
相关链接 在E读中查询图书 在五车中查询图书 在当当中查询图书 在豆瓣中查询图书


正题名:多音字辨析     索取号:H11/JY2         预约/预借

序号 登录号 条形码 馆藏地/架位号 状态 备注
1 7842148   278421487   学院路分馆/ [索取号:H11/JY2] 在馆    
2 7842159   278421593   学院路分馆/ [索取号:H11/JY2] 在馆    
唐山师范学院图书馆 欢迎您!
大连网信软件有限公司© 版权所有